[Event "Tournoi du cavalier"]
[Site "Cap d'Agde FRA"]
[Date "2010.10.31"]
[Round "8"]
[White "Finkel, Julie"]
[Black "Riviere, Frédéric"]
[Result "1-0"]
[WhiteElo "1701"]
[BlackElo "1800"]

1.g3 d5 2.Bg2 e5 3.d3 Nf6 4.Nd2 c6 5.e4 Bc5 6.Ne2 $2 Bxf2+ 7.Kxf2 Ng4+ 8.
Kg1 Ne3 9.Qe1 Nxc2 10.Qd1 Nxa1 11.Nf1 Bg4 12.Ne3 Bxe2 13.Qxe2 Qa5 14.exd5 
O-O 15.Nf5 Nd7 16.dxc6 bxc6 17.Bxc6 Nf6 18.Bxa8 Rxa8 19.b3 Qc7 20.Bb2 Qc5+
$2 
    ( {[Houdini 1.03a w32 2_CPU] 17:+2.03} 20...Qc5+ 21.Qe3 Qxe3+ 22.Nxe3 
    Nxb3 23.axb3 Rd8 24.Bxe5 Rxd3 25.Kf2 Ne4+ 26.Ke2 Rd2+ 27.Kf3 Ng5+ 28.
    Kg4 f6 29.Nc4 Rd3 30.Bf4 Nf3 31.b4 Nd4 32.Rc1 Nb5 33.Kf5 Kf7 34.Ke4 
    Rd4+ 35.Kf3 Rd3+ 36.Ne3 Nd4+ 37.Ke4 )
21.Kg2 Nc2 22.Rc1 Rc8 23.d4 exd4 24.Nxd4 Qd5+ 25.Kg1 1-0

[Event "Tournoi grand prix"]
[Site "Cap d'Agde FRA"]
[Date "2010.10.31"]
[Round "9"]
[White "Chomet, Pascal"]
[Black "Lacroix, Romain"]
[Result "1-0"]
[WhiteElo "2333"]
[BlackElo "2167"]

1.g3 d5 2.Bg2 c6 3.d3 Nf6 4.Nd2 e5 5.Ngf3 Nbd7 6.O-O Bc5 7.e4 dxe4 8.dxe4 
O-O 9.Qe2 a5 10.Nc4 Qc7 11.Bg5 Re8 12.Ne1 h6 13.Bd2 b6 14.Nd3 Bf8 15.Ne3 
Ba6 16.Ng4 Nxg4 17.Qxg4 Nf6 18.Qf3 Nd7 19.Rfd1 Nc5 20.Nxc5 Bxc5 21.Be3 
Bxe3 22.Qxe3 Rad8 23.Bf1 Bxf1 24.Kxf1 Rxd1+ 25.Rxd1 Rd8 26.Rxd8+ Qxd8 27.
Ke2 Kf8 28.Qd3 Qxd3+ 29.Kxd3 Ke7 30.Kc4 Kd6 31.a4 Kc7 32.g4 $10 g5 33.b4 
$4 
    ( {[Houdini 1.03a w32 2_CPU] 25:+2.42} 33.b4 axb4 34.Kxb4 Kd7 35.c4 
    c5+ 36.Kb5 Kc7 37.a5 bxa5 38.Kxa5 Kc6 39.Ka6 Kd7 40.Kb6 Kd6 41.Kb5 f6 
    42.f3 Ke6 43.Kc6 h5 44.gxh5 Kf7 45.Kxc5 Ke6 46.h6 Kf7 47.Kb4 Kg6 48.h3
    )
33...axb4 34.Kxb4 Kb7 35.c4 Ka6 36.c5 $18 f6 37.f3 Kb7 38.cxb6 Kxb6 39.h4 
Ka6 40.Kc5 Kb7 41.a5 Ka6 42.Kxc6 Kxa5 43.Kd6 Kb5 44.Ke6 Kc4 45.Kxf6 Kd4 
46.Kf5 Ke3 47.Kxe5 Kxf3 48.Kf5 Kg3 
    ( {[Houdini 1.03a w32 2_CPU] 29:M12} 48...Kg3 49.hxg5 hxg5 50.e5 Kf3 
    51.e6 Ke3 52.e7 Kd4 53.e8=Q Kd3 54.Qe4+ Kc3 55.Ke5 Kb3 56.Kd4 Kb2 57.
    Qe6 Kc2 58.Qa2+ Kd1 59.Kd3 Kc1 60.Qa1# )
1-0

[Event "Tournoi du cavalier"]
[Site "Cap d'Agde FRA"]
[Date "2010.10.31"]
[Round "9"]
[White "Riviere, Frédéric"]
[Black "Ekhrouche, ..."]
[Result "1-0"]
[WhiteElo "1800"]
[BlackElo "1709"]

1.d4 d5 2.c4 e6 3.Nc3 c6 4.cxd5 exd5 5.Bf4 Nf6 6.Nf3 Bf5 7.e3 Bd6 8.Bg3 
O-O 9.Qb3 b6 10.Rc1 Qe7 11.Be2 Nbd7 12.Bh4 Rfc8 13.O-O h6 14.Ba6 Rc7 15.
Bg3 Bxg3 16.hxg3 Nf8 17.Ne5 Qd6 18.Be2 N8h7 19.g4 Be6 20.f4 Ne4 21.Qc2 
Nhf6 22.Nb5 cxb5 23.Qxc7 Qxc7 24.Rxc7 Ng3 25.Re1 Nxe2+ 26.Rxe2 Nxg4 27.
Nxg4 Bxg4 28.Rec2 Kf8 29.Kf2 h5 30.R2c6 g6 31.a3 Bf5 32.Kg3 Bg4 33.Rd6 Be6
34.Kh4 Bf5 35.Kg5 Re8 36.Kf6 Be6 37.Rxa7 h4 38.Rb7 Kg8 39.Rdxb6 Rf8 40.Rb8
Bc8 41.Rc6 Be6 42.Rxf8+ Kxf8 43.Rb6 Kg8 44.Rxe6 fxe6 45.Kxg6 1-0

[Event "Nationale III"]
[Site "Créon"]
[Date "2010.11.13"]
[Round "2"]
[White "Riviere, Frédéric"]
[Black "GHAIBI, Ziyad"]
[Result "1-0"]
[WhiteElo "1897"]
[BlackElo "1800"]

1.d4 d5 2.c4 c6 3.Nc3 Nf6 4.Nf3 Bg4 {Coup hors bibliothèque d'ouverture e6
55% dxc4 32% a6 13% g6 0%} 5.Ne5 Bh5 6.g3 Nbd7 7.Bg2 e6 8.a4 Be7 9.a5 a6 
$201 10.h3 $6 $10 {Houdini 1.03a w32 2_CPU: Coup faible, le score varie 
de/à: +0.21 / -0.30} 
    ( 10.Nd3 dxc4 11.Nf4 O-O 12.Nxh5 Nxh5 13.Qa4 e5 14.Qxc4 exd4 15.Qxd4 
    Bc5 16.Qa4 Qe7 17.O-O Rfd8 18.Rd1 Ne5 19.Ne4 Rxd1+ 20.Qxd1 Rd8 21.Qb3 
    Ng4 $10 )
10...Nxe5 11.dxe5 Nd7 12.g4 Bg6 13.Bf4 h5 $201 14.e4 $6 $15 $201 {Houdini 
1.03a w32 2_CPU: Coup faible, le score varie de/à: -0.24 / -1.38} 
    ( 14.cxd5 exd5 15.O-O hxg4 16.hxg4 Qc7 17.e4 dxe4 18.Nxe4 Nxe5 19.Re1 
    O-O 20.Qb3 Rad8 21.Bxe5 Qxe5 22.Qxb7 Bh4 23.Qxa6 Bxe4 24.Bxe4 Qxb2 25.
    Qb6 Rd2 26.Qxb2 Bxf2+ 27.Kg2 Rxb2 28.Rab1 Bxe1+ 29.Rxb2 Bxa5 30.Bxc6 
    $10 )
14...Nc5 $6 $15 {Houdini 1.03a w32 2_CPU: Coup faible, le score varie 
de/à: -1.38 / -0.64} 
    ( 14...dxc4 15.O-O hxg4 16.hxg4 Nc5 17.Be3 Qd3 18.Qf3 O-O-O 19.Rfd1 
    Qc2 20.Bxc5 Bxc5 21.Qe2 Qxe2 22.Nxe2 Rxd1+ 23.Rxd1 Kc7 24.Nf4 Bh7 25.
    Kf1 $15 )
15.cxd5 $201 cxd5 $6 $10 $201 {Houdini 1.03a w32 2_CPU: Coup faible, le 
score varie de/à: -0.64 / +0.15} 
    ( 15...exd5 16.Be3 Nxe4 17.Bb6 Nxc3 18.bxc3 Qd7 19.O-O hxg4 20.hxg4 
    Rh4 21.Ra4 Kf8 22.Rd4 Kg8 23.Qe2 Bg5 24.Rfd1 $15 )
16.O-O $6 $15 {Houdini 1.03a w32 2_CPU: Coup faible, le score varie de/à: 
+0.15 / -0.86} 
    ( 16.exd5 Nd3+ 17.Kf1 Qd7 18.Qd2 Bc5 19.Be3 Bxe3 20.Qxe3 Nxb2 21.d6 
    Rc8 22.Kg1 O-O 23.Kh2 Nc4 24.Qd4 f6 25.f4 fxe5 26.fxe5 hxg4 27.hxg4 
    Bh7 28.Ne4 $10 )
16...d4 17.Na4 hxg4 $201 18.Nb6 $6 $15 {Houdini 1.03a w32 2_CPU: Coup 
faible, le score varie de/à: -0.19 / -0.92} 
    ( 18.Nxc5 Bxc5 19.hxg4 Rc8 20.Qd2 O-O 21.Rac1 Ba7 22.b4 Qd7 23.Qd3 
    Rfd8 24.Bf3 Qe7 25.Bd2 Rxc1 26.Rxc1 Bb8 27.Rc5 Qh4 28.Bd1 $10 )
18...gxh3 19.Bf3 Bg5 $201 20.Bh2 $6 $15 $201 {Houdini 1.03a w32 2_CPU: 
Coup faible, le score varie de/à: -0.91 / -1.43} 
    ( 20.Bg3 Rb8 21.Ra4 Nxa4 22.Qxa4+ Kf8 23.Nd7+ Kg8 24.Nxb8 Qxb8 25.Qxd4
    Kh7 26.Qb4 Rd8 27.Kh2 Qc7 28.Kxh3 Bd2 29.Qb3 Bxa5 30.Kg2 Rd4 31.Rh1+ 
    Kg8 32.Qe3 Rd2 33.b3 Bb4 34.Be2 $15 )
20...O-O $6 $10 {Houdini 1.03a w32 2_CPU: Coup faible, le score varie 
de/à: -1.43 / +0.00} 
    ( 20...Rb8 21.Ra4 Nxa4 22.Qxa4+ Kf8 23.Nd7+ Kg8 24.Nxb8 Qxb8 25.Qxd4 
    Qc7 26.Ra1 Kh7 27.Qd3 Qc5 28.Bg4 Qb4 29.Rd1 Bxe4 30.Qxh3+ Kg8 31.Qc3 
    Qxc3 32.bxc3 Bd5 33.Be2 Rh3 34.c4 $15 )
21.Nxa8 Qxa8 22.b4 Nxe4 23.Bxe4 Bxe4 24.Qg4 $201 b5 $6 $14 {Houdini 1.03a 
w32 2_CPU: Coup faible, le score varie de/à: +0.00 / +0.54} 
    ( 24...Bg2 25.Qxg5 Bxf1 26.Rxf1 Qc8 27.Rc1 Qd7 28.Qg4 Rc8 29.Rxc8+ 
    Qxc8 30.Qxh3 Qc4 31.Qh4 Qxb4 32.Qd8+ Kh7 33.Qh4+ Kg8 34.Qd8+ $10 )
25.Qxg5 Rc8 26.Rac1 Rc4 $201 27.Rxc4 $6 $10 {Houdini 1.03a w32 2_CPU: Coup
faible, le score varie de/à: +0.55 / +0.00} 
    ( 27.Bf4 Bf5 28.Kh2 d3 29.Rg1 g6 30.Bd2 Rc2 31.Qf4 Qd5 32.f3 Qa2 33.
    Rxc2 dxc2 34.Qd4 Kg7 35.Qc3 Qd5 36.Bc1 Qd1 37.Qe3 Kh8 38.Re1 Kg7 39.
    Kg1 Qd8 $14 )
27...bxc4 28.Bf4 $201 Qd5 $6 $14 $201 {Houdini 1.03a w32 2_CPU: Coup 
faible, le score varie de/à: +0.00 / +0.56} 
    ( 28...c3 29.f3 Bxf3 30.Rxf3 h2+ 31.Kxh2 Qxf3 32.Qd8+ Kh7 33.Qh4+ Kg6 
    34.Qg5+ Kh7 35.Qh4+ Kg6 $10 )
29.Qg3 $6 $10 {Houdini 1.03a w32 2_CPU: Coup faible, le score varie de/à: 
+0.56 / +0.00} 
    ( 29.Kh2 Bg6 30.Kxh3 Qf3+ 31.Kh2 c3 32.Qd8+ Kh7 33.Qh4+ Kg8 34.Rg1 d3 
    35.Be3 Bf5 36.Qd8+ Kh7 37.Rg3 Qe2 38.Qg5 g6 39.Qh6+ Kg8 40.Bc5 d2 41.
    Qf8+ Kh7 42.Qxf7+ Kh8 43.Qe8+ Kh7 44.Qd7+ Kg8 45.Qc8+ Kh7 46.Qb7+ Kh8 
    47.Qb8+ Kh7 48.Qc7+ Kh8 49.Qd8+ Kh7 50.Qc7+ Kh8 $14 )
29...Bf5 30.Kh2 c3 31.Rg1 g6 32.Bg5 $201 Qe4 $4 $18 $201 {****D9 1.1->4.5 
Houdini 1.03a w32 2_CPU: Coup faible, le score varie de/à: +1.15 / +4.50} 
    ( 32...Kf8 33.Qh4 Qxe5+ 34.Bf4 Qd5 35.Qh8+ Ke7 36.Bg5+ Kd7 37.Qd8+ Kc6
    38.Qb6+ Kd7 39.Qa7+ Kd6 40.Qxa6+ Qc6 41.Bf4+ Kd5 42.b5 Qxa6 43.bxa6 
    Be4 44.a7 Kc5 45.Kxh3 Bd5 46.Kg3 f6 47.Bc1 Ba8 48.f3 d3 49.Ba3+ Kb5 
    50.Kf4 d2 51.Ke3 $14 )
33.Bf6 $6 $16 $201 {Houdini 1.03a w32 2_CPU: Coup faible, le score varie 
de/à: +2.94 / +1.77} 
    ( 33.b5 axb5 34.a6 Kh7 35.Bf6 b4 36.a7 g5 37.Bxg5 Bg6 38.Qxh3+ Kg8 39.
    Bf6 Qf4+ 40.Kg2 Qe4+ 41.f3 Qe2+ 42.Kg3 $16 )
33...Qe2 $4 $18 {Houdini 1.03a w32 2_CPU: Coup faible, le score varie 
de/à: +1.77 / +327.00} 
    ( 33...Kf8 34.b5 axb5 35.a6 Ke8 36.Qh4 Kd7 37.Qxe4 Bxe4 38.Rg4 Bd5 39.
    Rxd4 Kc6 40.Rb4 Bc4 41.Rb1 Kb6 42.Rc1 b4 43.Be7 Kb5 44.a7 Bd5 45.Kxh3 
    Kc4 46.Bxb4 Kxb4 47.Kg4 Kc4 48.Kf4 Kd4 49.Rc2 Ba8 50.f3 $16 )
34.Qh4 
    ( 34.Qh4 {51:+327.00} 34...Qxf2+ 35.Qxf2 Bg4 36.Qh4 Bh5 37.Qxh5 Kf8 
    38.Qh8# )
1-0

[Event "Nationale III"]
[Site "Créon"]
[Date "2010.11.14"]
[Round "3"]
[White "Riviere, Frédéric"]
[Black "Simon, Lionel"]
[Result "1-0"]
[WhiteElo "1800"]
[BlackElo "1709"]

1.e4 d6 2.d4 Nf6 3.Nc3 g6 4.Nf3 Bg7 5.Be2 O-O 6.O-O Nbd7 {Coup hors 
bibliothèque d'ouverture Fg4 50% c6 41% Cc6 8% c5 1%} 7.Re1 e5 8.dxe5 dxe5
9.Bc4 c6 10.Bg5 h6 11.Bh4 Qb6 12.Rb1 Qc7 13.Qe2 Nb6 14.Bb3 a5 15.a4 Nh5 
16.Rbd1 Bg4 17.h3 Nf4 18.Qe3 Be6 19.Bg3 $201 Nc4 $6 $14 {Houdini 1.03a w32
2_CPU: Coup faible, le score varie de/à: +0.01 / +0.86} 
    ( 19...Bxb3 20.cxb3 Rad8 21.Nb1 Rfe8 22.Na3 g5 23.Nc4 Nxc4 24.bxc4 b6 
    25.Bh2 Bf8 26.Bxf4 exf4 27.Qe2 Bc5 28.Rxd8 Rxd8 29.Rd1 Kg7 30.Rxd8 
    Qxd8 31.Ne5 $10 )
20.Bxc4 Bxc4 21.Qc5 Be6 22.Nd5 Qb8 23.Nb6 $201 Qa7 $6 $16 $201 {Houdini 
1.03a w32 2_CPU: Coup faible, le score varie de/à: +0.81 / +1.60} 
    ( 23...Ra7 24.Rd2 Rd8 25.Rxd8+ Qxd8 26.Bxf4 exf4 27.Nd5 Qb8 28.Nxf4 b6
    29.Qe3 Bc8 30.e5 Re7 31.c4 Re8 32.c5 bxc5 33.Qxc5 Qxb2 34.Qxc6 Rd8 35.
    Qc7 Re8 36.Qxa5 Bb7 37.Nd3 $14 )
24.Nd7 $6 $10 {Houdini 1.03a w32 2_CPU: Coup faible, le score varie de/à: 
+1.60 / +0.34} 
    ( 24.Nxe5 Nh5 25.Nd3 Rad8 26.Be5 Qa6 27.Bxg7 Nxg7 28.Nf4 Rfe8 29.Rd4 
    Rxd4 30.Qxd4 Bf5 31.Nc4 Ne6 32.Nxe6 Bxe6 33.Nd6 Rd8 34.e5 Bd5 35.c4 
    $16 )
24...Qxc5 25.Nxc5 b6 26.Nxe6 Nxe6 27.Bxe5 f6 28.Rd6 $201 Nc5 $6 $16 {
Houdini 1.03a w32 2_CPU: Coup faible, le score varie de/à: +0.82 / +1.89} 
    ( 28...Rfe8 29.Bc3 Rac8 30.b3 Bf8 31.Rdd1 Kf7 32.e5 f5 33.Rd7+ Re7 34.
    Red1 Re8 35.R7d2 Rb7 36.Bb2 Bb4 37.c3 Be7 38.Bc1 b5 39.axb5 cxb5 $14 )
29.Bd4 Nxa4 $201 30.Rxc6 $6 $14 {Houdini 1.03a w32 2_CPU: Coup faible, le 
score varie de/à: +1.87 / +0.66} 
    ( 30.b3 Nc5 31.e5 fxe5 32.Bxe5 g5 33.Rg6 Ra7 34.Bxg7 Rxg7 35.Rxc6 g4 
    36.hxg4 Rxg4 37.Ne5 Rgf4 38.Rxh6 R8f6 39.Rxf6 Rxf6 40.Nc4 Kg7 41.g3 a4
    42.bxa4 Nxa4 43.Re7+ Kh6 44.Ne3 Kg6 45.Nd5 Rd6 $16 )
30...Rac8 31.Rd6 Rxc2 32.Bxb6 Nxb2 33.Bxa5 Rfc8 34.Rd8+ Rxd8 35.Bxd8 Nd3 
36.Rf1 Ra2 37.Bb6 Ra6 38.Rd1 Rxb6 39.Rxd3 Rb1+ 40.Kh2 
    ( 40.Kh2 {21:+0.48} 40...Rb4 41.Nd2 Bf8 42.Kg3 Rb2 43.Nc4 Rb4 44.Rc3 
    Kf7 45.f4 Bc5 46.Nd2 Rb2 47.Rxc5 Rxd2 48.Rc7+ Ke6 49.Rc6+ Ke7 50.e5 
    fxe5 51.fxe5 Rd3+ 52.Kf4 Rd4+ 53.Ke3 Rd5 54.Ke4 )
1-0

[Event "REG1-R2-Auch2 vs Colomiers3"]
[Site "?"]
[Date "2010.11.14"]
[Round "2"]
[White "Boyer, Armelle"]
[Black "Solirene, Samantha"]
[Result "1-0"]
[WhiteElo "1230"]
[BlackElo "1199"]
[Annotator ""]
[Source ""]
[Remark ""]

1.e4 e5 2.Nf3 Nc6 3.Nc3 Nf6 4.Be2 d6 5.O-O Be7 6.b3 O-O 7.Bb2 Bg4 8.h3 
Bxf3 9.Bxf3 Na5 10.Bc1 c5 11.d3 Nd7 12.Bg4 Bg5 13.Bxg5 Qxg5 14.Bxd7 Qe7 
15.Bf5 g6 16.Qg4 Qf6 17.Nd5 Qg7 18.Ne7+ Kh8 19.Bd7 Nc6 20.Nxc6 bxc6 21.
Bxc6 Rad8 22.Rab1 f5 23.exf5 gxf5 24.Qxg7+ Kxg7 25.b4 Rc8 26.Bd7 Rc7 27.
Be6 f4 28.bxc5 Rxc5 29.Rb7+ Kf6 30.Bc4 Rf7 31.Rxf7+ Kg6 32.Rxa7 h5 1-0

[Event "REG1-R2-Auch2 vs Colomiers3"]
[Site "?"]
[Date "2010.11.14"]
[Round "2"]
[White "Avril, Damien"]
[Black "Artis, Baptiste"]
[Result "1/2-1/2"]
[WhiteElo "1199"]
[BlackElo "1410"]
[Annotator ""]
[Source ""]
[Remark ""]

1.e4 e5 2.Bc4 Nc6 3.Qe2 a6 4.Nf3 Bc5 5.Bxf7+ Kxf7 6.Qc4+ Ke8 7.Qxc5 d6 8.
Qe3 Bg4 9.d4 Bxf3 10.Qxf3 Nxd4 11.Qh5+ g6 12.Qg5 Qxg5 13.Bxg5 Nxc2+ 14.Kd2
Nxa1 15.Na3 h6 16.Be3 Nf6 17.f3 d5 18.Ke2 dxe4 19.fxe4 Nxe4 20.Rxa1 h5 21.
Nc4 Kf7 22.Nxe5+ Kf6 23.Bd4 Kf5 24.Nf3 Rh7 25.Nh4+ Ke6 26.Nxg6 Rd7 27.Nf4+
Kf5 28.Be3 h4 29.g3 hxg3 30.hxg3 Nxg3+ 31.Kf3 Rg8 32.Rc1 c6 33.Rc5+ Kf6 
34.Nh5+ Nxh5 35.Rxh5 Rdg7 36.Rh6+ Rg6 37.Bd4+ Kf5 38.Rh5+ Ke6 39.Re5+ Kd7 
40.b4 Rf8+ 41.Ke4 Re6 42.Bc5 Rxe5+ 43.Kxe5 Re8+ 44.Kf5 Re2 45.a4 Rh2 46.a5
Rh5+ 47.Ke4 Rd5 48.Be3 Rb5 49.Bd2 c5 50.bxc5 Rxc5 51.Kd4 Rb5 52.Kc4 b6 53.
axb6 Rxb6 54.Kc5 Kc7 55.Bf4+ Kb7 56.Be3 Rb2 57.Bd4 Ra2 58.Kb4 a5+ 59.Kb3 
Rd2 60.Bc3 Rd5 61.Ka4 Ka6 62.Be1 Re5 63.Bc3 Re4+ 64.Ka3 Kb5 65.Bd2 a4 66.
Bc1 Re1 67.Bd2 Re2 68.Bc1 Rc2 69.Bb2 Rxb2 70.Kxb2 Kb4 1/2-1/2

[Event "REG1-R2-Auch2 vs Colomiers3"]
[Site "?"]
[Date "2010.11.14"]
[Round "2"]
[White "Artis, Maxime"]
[Black "Fouilloux, Jean-Marc"]
[Result "1-0"]
[WhiteElo "1460"]
[BlackElo "1380"]
[Annotator ""]
[Source ""]
[Remark ""]

1.e4 d5 2.exd5 Nf6 3.Nc3 c6 4.dxc6 Nxc6 5.Bb5 Bd7 6.Nf3 e6 7.O-O Bd6 8.h3 
a6 9.Be2 O-O 10.d4 Re8 11.Re1 Bb4 12.Qd3 b5 13.a3 Ba5 14.Bg5 h6 15.Bh4 Qe7
16.Ne5 Nxe5 17.dxe5 g5 18.exf6 Qxf6 19.Bg3 Rad8 20.Qe3 h5 21.b4 h4 22.Be5 
Qe7 23.bxa5 f6 24.Bd4 Qf7 25.Qf3 1-0

[Event "REG1-R2-Auch2 vs Colomiers3"]
[Site "?"]
[Date "2010.11.14"]
[Round "2"]
[White "Blond, Jérôme"]
[Black "Boyer, Ryan"]
[Result "1-0"]
[WhiteElo "1420"]
[BlackElo "1460"]
[Annotator ""]
[Source ""]
[Remark ""]

1.f4 e6 2.Nf3 d5 3.e3 Nf6 4.Be2 Be7 5.O-O O-O 6.a3 Nbd7 7.b4 c5 8.b5 a6 9.
bxa6 bxa6 10.Nc3 Qb6 11.Na4 Qc6 12.c4 Nb6 13.Nxb6 Qxb6 14.Qc2 Bd7 15.Rb1 
Qc7 16.Bb2 Rab8 17.Be5 Bd6 18.Bxf6 gxf6 19.Bd3 h6 20.Qc3 e5 21.fxe5 fxe5 
22.cxd5 Bb5 23.Bc4 Qe7 24.e4 Kh7 25.d3 Rg8 26.Qe1 Rg6 27.Nh4 Rg7 28.Nf5 
Qf6 29.Nxg7 Qxg7 30.Qf2 Rf8 31.Qf5+ Kh8 32.Qf6 Rg8 33.Qxg7+ Rxg7 34.a4 
Bxa4 35.Bxa6 Bd7 36.Rb6 Bf8 37.Rxh6+ Kg8 38.Rf3 Rxg2+ 39.Kxg2 Bxh6 40.Rf6 
Bf8 41.Bc4 Kg7 42.Rf2 Kg6 43.Ra2 Bc8 44.Ra8 Bd7 45.Rxf8 Kg7 46.Rb8 Bg4 47.
Rb5 f5 48.exf5 Bxf5 49.Rxc5 1-0

[Event "REG1-R2-Auch2 vs Colomiers3"]
[Site "?"]
[Date "2010.11.14"]
[Round "2"]
[White "Maraval, Yves"]
[Black "Solirene, Christophe"]
[Result "0-1"]
[WhiteElo "1530"]
[BlackElo "1590"]
[Annotator ""]
[Source ""]
[Remark ""]

1.Nf3 d5 2.d4 c6 3.e3 Bg4 4.c4 e6 5.a3 Nd7 6.Nc3 Ngf6 7.Be2 Be7 8.h3 Bh5 
9.cxd5 exd5 10.Qc2 O-O 11.O-O Bg6 12.Bd3 Bxd3 13.Qxd3 Re8 14.Re1 Bd6 15.b4
Ne4 16.Nd2 Qh4 17.Ncxe4 dxe4 18.Qe2 Nf6 19.f4 exf3 20.Nxf3 Qg3 21.Qf2 Ne4 
22.Qxg3 Bxg3 23.Re2 a5 24.bxa5 Rxa5 25.Rb1 Nc3 0-1

[Event "REG1-R2-Auch2 vs Colomiers3"]
[Site "?"]
[Date "2010.11.14"]
[Round "2"]
[White "Bougouin, Blaise"]
[Black "Artis, Paul"]
[Result "1-0"]
[WhiteElo "1650"]
[BlackElo "1623"]
[Annotator ""]
[Source ""]
[Remark ""]

1.Nf3 Nf6 2.Nc3 g6 3.e4 d6 4.d3 Bg7 5.Bd2 O-O 6.Be2 c5 7.O-O Nc6 8.a3 e6 
9.Qc1 Re8 10.Bg5 a6 11.Rb1 Qc7 12.Bh6 d5 13.Bxg7 Kxg7 14.Qg5 Nd4 15.Bd1 
Nxf3+ 16.Bxf3 d4 17.Ne2 e5 18.Ng3 Qe7 19.Qd2 Be6 20.Be2 b5 21.f4 Ng4 22.
Bxg4 Bxg4 23.f5 gxf5 24.Rxf5 f6 25.Rf2 Kh8 26.Qh6 Qg7 27.Qxf6 Qxf6 28.Rxf6
Kg7 29.Rb6 Rf8 30.h3 Bd7 31.Rb7 Rf7 32.Rf1 Be6 33.Rfxf7+ Bxf7 34.Nf5+ Kf6 
35.g4 Bg6 36.h4 Rg8 37.Nh6 Rg7 38.g5+ 1-0

[Event "Reg1-Auch vs E. Toulousain"]
[Site "?"]
[Date "2010.12.12"]
[Round "3"]
[White "Avril, Damien"]
[Black "Gosselin, Romain"]
[Result "1-0"]
[WhiteElo "1199"]
[BlackElo "1099"]
[Annotator ""]
[Source ""]
[Remark ""]

1.d4 d5 2.Nc3 Nf6 3.Nf3 Nc6 4.Be3 Bg4 5.h3 Bxf3 6.exf3 e5 7.dxe5 Nxe5 8.
Bd4 Nc6 9.Bxf6 Qxf6 10.Nxd5 Qe6+ 11.Qe2 Bd6 12.c3 O-O 13.Rd1 Qxe2+ 14.Bxe2
Rfe8 15.O-O Rxe2 16.Rde1 Rd2 17.Rd1 Rxb2 18.Ra1 Be5 19.Rfe1 Rc8 20.Rab1 
Rxb1 21.Rxb1 Rd8 22.Ne3 Bxc3 23.Rxb7 Bd4 24.Rxc7 Nb4 25.a3 Nd5 26.Nxd5 h6 
27.Ne7+ Kf8 28.Nc6 Re8 29.Nxd4 Re7 30.Rxe7 Kxe7 31.Nc6+ Kd6 32.Nxa7 1-0

[Event "Reg1-Auch vs E. Toulousain"]
[Site "?"]
[Date "2010.12.12"]
[Round "3"]
[White "Keen, Cosima C"]
[Black "Meroy, Ludovic"]
[Result "1-0"]
[WhiteElo "1099"]
[BlackElo "1199"]
[Annotator ""]
[Source ""]
[Remark ""]

1.e4 e5 2.Nf3 Nc6 3.d4 exd4 4.Bc4 Nf6 5.Ng5 d5 6.exd5 Nxd5 7.O-O Be7 8.
Nxf7 Kxf7 9.Qf3+ Ke8 10.Bxd5 Bf6 11.Bxc6+ bxc6 12.Qxc6+ Bd7 13.Re1+ Kf7 
14.Qd5+ Be6 15.Qxe6+ Kf8 16.b3 d3 17.Ba3+ Qd6 18.Bxd6+ cxd6 19.Qxd6+ Kf7 
20.Qd5+ Kg6 21.Qxd3+ Kf7 22.Qd7+ Kg6 23.Qg4+ Kf7 24.Qh5+ g6 25.Qd5+ Kg7 
26.c3 Rhe8 27.Qd7+ Kf8 28.Rxe8+ Rxe8 29.Na3 Bxc3 30.Rd1 1-0

[Event "Reg1-Auch vs E. Toulousain"]
[Site "?"]
[Date "2010.12.12"]
[Round "3"]
[White "Duclos, Jean"]
[Black "Sadones, Olivier"]
[Result "1-0"]
[WhiteElo "1510"]
[BlackElo "1470"]
[Annotator ""]
[Source ""]
[Remark ""]

1.e4 e6 2.d4 d5 3.e5 c5 4.c3 Nc6 5.Nf3 Bd7 6.Be2 Nge7 7.Na3 Nf5 8.Nc2 Qb6 
9.a3 Rc8 10.b4 cxd4 11.cxd4 g6 12.Bg5 Be7 13.Bxe7 Ncxe7 14.O-O O-O 15.Qd2 
Ng7 16.Ne3 Nef5 17.Ng4 Qd8 18.Nf6+ Kh8 19.g4 Ba4 20.gxf5 Nxf5 21.Bd3 Kg7 
22.Bxf5 exf5 23.Nh4 Bd7 24.Qg5 Rh8 25.Nh5+ Kf8 26.Qxd8+ Rxd8 27.Nf6 Bb5 
28.Rfc1 Bc4 29.Nf3 Kg7 30.Nd2 Bd3 31.Rc5 Be4 32.f3 Bd3 33.Nxd5 h5 34.Nb3 
g5 35.Nf6 b6 36.Rc7 Rc8 37.Rxc8 Rxc8 38.Rc1 1-0

[Event "Reg1-Auch vs E. Toulousain"]
[Site "?"]
[Date "2010.12.12"]
[Round "3"]
[White "Solirene, Christophe"]
[Black "Rigal, Samy"]
[Result "1-0"]
[WhiteElo "1590"]
[BlackElo "1677"]
[Annotator ""]
[Source ""]
[Remark ""]

1.d4 d5 2.Nc3 Nf6 3.Bg5 c6 4.e3 Bf5 5.Bd3 Bxd3 6.cxd3 Nbd7 7.Nf3 e6 8.O-O 
Bd6 9.Bxf6 Qxf6 10.Qb3 Rb8 11.Rac1 O-O 12.Na4 Rfe8 13.Nc5 Bxc5 14.dxc5 e5 
15.e4 d4 16.Qd1 b6 17.cxb6 axb6 18.g3 c5 19.Nh4 Qe6 20.b3 b5 21.f4 Rbc8 
22.Nf5 g6 23.Nh6+ Kg7 24.f5 Qd6 25.Qd2 Nf6 26.Qg5 Nh5 27.fxg6 Qxg6 28.Nf5+
Kf8 29.Qxg6 hxg6 30.Nd6 f6 31.Nxe8 Kxe8 32.Rc2 Ke7 33.Rfc1 Kd6 34.b4 c4 
35.dxc4 bxc4 36.Rxc4 Rxc4 37.Rxc4 Ng7 38.b5 f5 39.b6 Ne8 40.exf5 gxf5 41.
h4 d3 42.Kf2 Kd5 43.Rc8 1-0

[Event "N3-Creon vs Auch"]
[Site "?"]
[Date "2010.12.12"]
[Round "4"]
[White "Pokee, Michèle"]
[Black "Chabrol, Fabienne"]
[Result "1/2-1/2"]
[WhiteElo "1240"]
[BlackElo "1477"]
[Annotator ""]
[Source ""]
[Remark ""]

1.e4 e5 2.Nf3 Nc6 3.d4 exd4 4.Bc4 Be7 5.Nxd4 d6 6.Bb5 Bd7 7.Nc3 Nf6 8.O-O 
O-O 9.Nxc6 bxc6 10.Bc4 Qc8 11.Bg5 Be6 12.Bb3 Re8 13.f4 Nd7 14.Bxe7 Rxe7 
15.Qf3 Nc5 16.f5 Bxb3 17.axb3 f6 18.Rae1 Qe8 19.Re2 Rb8 20.Rfe1 a5 21.Ra1 
Ra8 22.Ra2 Nb7 23.Qd3 Qf7 24.b4 Re5 25.bxa5 Rexa5 26.Rxa5 Rxa5 27.Qd2 Qc4 
28.Qd3 Qc5+ 29.Kf1 Ra1+ 30.Re1 Rxe1+ 31.Kxe1 Qg1+ 32.Qf1 Qe3+ 33.Qe2 Qc1+ 
34.Kf2 Qf4+ 35.Kg1 Qc1+ 36.Qf1 Qxf1+ 37.Kxf1 Kf8 38.Ke2 Na5 39.b3 Ke7 40.
Kd3 c5 41.Nd5+ Kd7 42.g4 Nc6 43.h3 Ne5+ 44.Ke3 1/2-1/2

[Event "N3-Creon vs Auch"]
[Site "?"]
[Date "2010.12.12"]
[Round "4"]
[White "Rives, Sylvain"]
[Black "Rouede, Gilbert"]
[Result "0-1"]
[WhiteElo "1607"]
[BlackElo "1791"]
[Annotator ""]
[Source ""]
[Remark ""]

1.f4 d5 2.Nf3 Nf6 3.e3 g6 4.b3 Bg7 5.Bb2 c5 6.c4 O-O 7.d4 cxd4 8.Nxd4 Ng4 
9.Qf3 dxc4 10.Bxc4 e5 11.fxe5 Nxe5 12.Qd5 Qg5 13.O-O Qxe3+ 14.Kh1 Nxc4 15.
Qxc4 Nc6 16.Nc2 Qe6 17.Qxe6 Bxe6 18.Bxg7 Kxg7 19.Nc3 Rad8 20.Rad1 Bg4 21.
Rd5 Rfe8 22.h3 Bf5 23.Rxd8 Rxd8 24.Ne3 Be6 25.Ne4 Rd3 26.Nc2 Bf5 27.Re1 h5
28.Re2 Rd1+ 29.Kh2 Rc1 30.Ne1 Nd4 31.Re3 Ra1 32.Nd6 Rxa2 33.Nxb7 Be6 34.
Nc5 Rb2 35.Nxe6+ Nxe6 36.Nf3 Nf4 37.Kg3 Ne2+ 38.Kh2 Nf4 39.Kg3 Ne6 40.Kh2 
g5 41.Ne5 Nf4 42.Rg3 f6 43.Nc6 h4 44.Rg4 Rxb3 45.Nxa7 Kg6 46.Nc6 Re3 47.g3
f5 48.Rxf4 hxg3+ 49.Kg2 gxf4 50.Nd4 Ra3 0-1

[Event "N3-Creon vs Auch"]
[Site "?"]
[Date "2010.12.12"]
[Round "4"]
[White "Verges, Jean"]
[Black "Chansavang, Albain"]
[Result "1/2-1/2"]
[WhiteElo "1700"]
[BlackElo "1709"]
[Annotator ""]
[Source ""]
[Remark ""]

1.e3 Nf6 2.d4 g6 3.Nf3 Bg7 4.c4 d6 5.Nc3 O-O 6.Be2 Nbd7 7.b3 c5 8.Bb2 a6 
9.O-O e6 10.Qc2 d5 11.cxd5 exd5 12.Na4 cxd4 13.Bxd4 Qe7 14.Qc7 Ne8 15.Qc3 
Nef6 16.Qc7 b5 17.Nb6 Rb8 18.Bxf6 Bxf6 19.Nxd5 Qd8 20.Nxf6+ Qxf6 21.Rfd1 
Rb7 22.Qc2 Ne5 23.Nxe5 Qxe5 24.Rac1 Bf5 25.Qc3 Qe7 26.Qa5 Qg5 27.Rd5 Rd7 
28.Rxd7 Bxd7 29.Qxa6 Re8 30.Qd6 Rxe3 31.Qxd7 Rxe2 32.Rc8+ Kg7 33.Qd4+ Kh6 
34.g3 Rxa2 35.Rc5 Qe7 36.Rxb5 Qe1+ 37.Kg2 Ra1 38.Qe3+ Qxe3 39.fxe3 Ra2+ 
40.Kh3 Re2 41.Re5 Rb2 42.Rb5 Re2 43.Re5 Rb2 44.Rb5 1/2-1/2

[Event "N3-Creon vs Auch"]
[Site "?"]
[Date "2010.12.12"]
[Round "4"]
[White "Fourcassies, Jérôme"]
[Black "Mesples, Jean-Marc"]
[Result "1-0"]
[WhiteElo "2023"]
[BlackElo "1874"]
[Annotator ""]
[Source ""]
[Remark ""]

1.c4 e5 2.Nc3 d6 3.g3 f5 4.Bg2 Nf6 5.d3 Be7 6.Nd5 O-O 7.h4 c6 8.Nxe7+ Qxe7
9.Bd2 Na6 10.Nf3 e4 11.dxe4 fxe4 12.Nh2 d5 13.cxd5 cxd5 14.O-O Be6 15.Bf4 
Rac8 16.Qd2 Qd7 17.Rfc1 Bf7 18.Nf1 Nc5 19.b4 Ne6 20.Be5 Bg6 21.Bh3 Rfd8 
22.Ne3 Rxc1+ 23.Rxc1 Ne8 24.Qb2 Qf7 25.b5 d4 26.Bxe6 Qxe6 27.Bxd4 Bh5 28.
Rc2 Qh3 29.Ng2 Nf6 30.Nf4 Qd7 31.Rd2 Bf7 32.Bc3 Qe7 33.a4 e3 34.Rxd8+ Qxd8
35.Bxf6 Qd1+ 36.Kg2 exf2 37.Kxf2 gxf6 38.a5 Kg7 39.b6 a6 40.Qc3 Qa4 41.h5 
h6 42.Qc5 Qe4 43.Qd6 Qe8 44.Qc7 Qe4 45.Qd7 f5 46.Qd6 Qe8 47.Qd4+ Kh7 48.
Qf6 Qd7 49.Ng6 Bxg6 50.Qxg6+ Kh8 51.Qxh6+ Kg8 52.Qg6+ Kf8 53.Qf6+ Kg8 54.
h6 Kh7 55.Qg7+ Qxg7 56.hxg7 Kxg7 57.Kf3 Kf7 58.Kf4 Kf6 59.e4 fxe4 60.Kxe4 
Ke6 61.Kd4 Kd6 62.Kc4 1-0